000 00518nam a2200181Ia 4500
005 20250508160030.0
008 008 250505s9999 xx 000 0 eng d
037 _aBooks to be hide in OPAC
040 _aFEDL
_beng
_cFEDL
041 _aeng
_2eng
084 _a378.990942, GRE/O
_qFEDL
245 0 _aFirst report of the royal commissioners on technical instruction
260 _c1992
300 _a62p.
546 _aWeeded out
942 _cHB
_h378.990942, GRE/O
999 _c1361233
_d1361233